Statistics for 99 Action Movies

Click here to take the quiz!

General Stats

  • This quiz has been taken 999 times
    (951 since last reset)
  • The average score is 44 of 99

Answer Stats

HintAnswer% Correct
Bruce Willis, Alan Rickman: Nakatomi PlazaDie Hard
88%
Keanu Reeves, Laurence Fishburne: Red PillThe Matrix
86%
Will Smith, Tommy Lee Jones: Saving the UniverseMen In Black
83%
Sylvester Stallone, Richard Crenna: VietnamRambo
82%
Arnold Schwartzanegger, Linda Hamilton: SkynetTerminator
82%
Mel Gibson, Danny Glover: Crazy CopsLethal Weapon
79%
Arnold Schwartzanegger, Carl Weathers: AlienPredator
77%
Robert Downey Junior, Gwenyth Paltrow: Metal HeroIron Man
75%
Keanu Reeves, Sandra Bullock: Runaway BusSpeed
75%
John Travolta, Nicolas Cage: Identity CrisisFace Off
73%
Christopher Reeves, Gene Hackman: Kal-ElSuperman
73%
Sigourney Weaver, Lance Henriksen: FacehuggerAlien
72%
Christian Bale, Heath Ledger: Why So Serious?The Dark Knight
71%
Uma Thurman, David Carradine: Revenge BrideKill Bill
70%
Liam Neeson, Famke Janssen: Stolen DaughterTaken
70%
Michael Keaton, Jack Nicholson: Party like its 1999Batman
69%
Robert Downey Junior, Chris Evans: Earth's Mightiest HeroesAvengers
68%
Tom Cruise, Jon Voight: Self DestructMission Impossible
68%
WIll Smith, Martin Lawrence: What you gonna do?Bad Boys
67%
Vin Diesel, Paul Walker: Nice CarsFast and the Furious
65%
Sam Neil, Jeff Goldblum: Welcome ToJurassic Park
65%
Johnny Depp, Orlando Bloom: RumPirates of the Caribbean
65%
Brendan Fraser, Rachel Weisz: Ancient EgyptThe Mummy
63%
Ben Affleck, Bruce Willis: AsteroidArmageddon
62%
Wesley Snipes, Stephen Dorff: Vampire HunterBlade
62%
Chris Evans, Tommy Lee Jones: Super Soldier SerumCaptain America
62%
Nicolas Cage, Sean Connery: AlcatrazThe Rock
62%
Hugh Jackman, Patrick Stewart: Next Step in Man's EvolutionX-Men
62%
Will Smith, Jeff Goldblum: Alien HolidayIndependence Day
61%
Harrison Ford, Gary Oldman: President in the SkyAir Force One
60%
Mel Gibson, Tina Turner: The ApocalypseMad Max
60%
Nicolas Cage, John Malkovich: Prison PlaneCon Air
59%
Eddie Murphy, Judge Reinhold: Detroit Police OfficerBeverly Hills Cop
58%
Harrison Ford, John Rhys Davies: ArchaeologyRaiders of the Lost Ark
58%
Leonardo Dicaprio, Joseph Gordan-Leavitt: Mind HeistInception
57%
Harrison Ford, Tommy Lee Jones: One Armed ManThe Fugitive
57%
Jackie Chan, Chris Tucker: Traffic JamRush Hour
56%
Bruce Willis, Helen Mirren: Retired but DangerousRED
55%
Kevin Costner, Morgan Freeman: NottinghamRobin Hood
55%
Daniel Craig, Javier Bardem: This is the EndSkyfall
55%
Arnold Schwartzanegger, Jamie Lee Curtis: Marriage SecretTrue Lies
54%
Arnold Schwartzanegger, Sharon Stone: Remember on MarsTotal Recall
53%
Shia LeBeouf, Josh Duhamel: More Than Meets the EyeTransformers
51%
Jason Statham, Shu Qi: DriverThe Transporter
50%
Sylvester Stallone, John Lithgow: Mountain ClimbersCliffhanger
49%
Bruce Willis, Milla Jovovich: Supreme BeingThe Fifth Element
49%
Matt Damon, Chris Cooper: AmnesiaBourne Identity
48%
Angelina Jolie, Daniel Craig: Treasure HunterTomb Raider
48%
Chris Pratt, Batista: Nova CorpsGuardians of the Galaxy
46%
Keanu Reeves, Patrick Swayze: Hang TenPoint Break
46%
Sylvester Stallone, Wesley Snipes: John Spartan vs. Simon PhoenixDemolition Man
45%
Andrew Garfield, Emma Stone: With Great PowerThe Amazing Spiderman
44%
Pierce Brosnan, Sean Bean: Satellite Laser and RussiaGoldeneye
43%
Mel Gibson, Gary Sinise: KidnappingRansom
43%
Peter Weller, Nancy Allen: Thank you for your cooperationRobocop
42%
Steven Seagal, Tommy Lee Jones: The CookUnder Siege
40%
Pierce Brosnan, Halle Berry: Diamond FaceDie Another Day
39%
Bruce Lee, Kien Shih: Mythical BeastEnter the Dragon
39%
Kurt Russell, Donald Pleasence: Big Apple GetawayEscape From New York
39%
Patrick Swayze, Sam Elliot: BouncerRoad House
38%
Kurt Russell, Robert Deniro: FirefightersBackdraft
37%
Sylvester Stallone, Kurt Russell: Dance and MoneyTango and Cash
36%
Jean Claude Van Damme, Dolph Lungdren: Futuristic InfantryUniversal Soldier
35%
Christian Slater, John Travolta: Lost Nuclear DeviceBroken Arrow
34%
Sean Connery, Gert Frobe: Fort KnoxGoldfinger
34%
Kurt Russell, Val Kilmer: OK CorralTombstone
34%
Wesley Snipes, Tom Sizemore: Airplane HostagesPassenger 57
32%
Jean Claude Van Damme, Bolo Yeung: Blind EndingBloodsport
31%
Jackie Chan, Owen Wilson: East meets WestShanghai Noon
31%
Brad Pitt, Vinnie Jones: Stolen Gypsy DiamondSnatch
31%
Emilio Estevez, Kiefer Sutherland: Billy the KidYoung Guns
31%
Warren Beatty, Madonna: Watch RadioDick Tracy
29%
Channing Tatum, The Rock: Real American HeroG.I.Joe
29%
Antonio Banderas, Johnny Depp: Gun in a Guitar CaseOnce Upon a Time in Mexico
26%
Kurt Russell, Kim Cattrell: It's all in the ReflexesBig Trouble in Little China
25%
Harrison Ford, Sean Bean: Jack Ryan SequelPatriot Games
25%
Roger Moore, Christopher Walken: Zorrin IndustriesA View to a Kill
24%
Tom Cruise, Morgan Freeman: Earth Wiped OutOblivion
24%
Jet Li, Jason Statham: Multiple UniversesThe One
23%
Geena Davis, Samuel L. Jackson: Charly BaltimoreThe Long Kiss Goodnight
22%
Jean Reno, Gary Oldman: Protect OrphanThe Professional
22%
Chuck Norris, Lee Marvin: Elite SquadDelta Force
21%
Sean Patrick Flanery, Norman Reedus: Amateur AssassinsBoondock Saints
18%
Kurt Russell, Jason Scott Lee: Made for WarSoldier
18%
Sam J. Jones, Brian Blessed: He'll save every one of usFlash Gordon
17%
Christian Slater, Morgan Freeman: FloodHard Rain
17%
Jean Claude Van Damme, Powers Booth: HockeySudden Death
17%
Billy Campbell, Jennifer Connelly: Aviator SuperheroThe Rocketeer
17%
Christian Bale, Taye Diggs: Dystopian ClericsEquilibrium
16%
Jean Claude Van Damme, Dayle Haddon: Apocalyptic RobotCyborg
14%
Jean Claude Van Damme, Lance Henriksen: New OrleansHard Target
13%
Mel Gibson, Gregg Henry: Return it to MPayback
12%
Emilio Estevez, Cuba Gooding Junior: Long NightJudgement Night
9%
Ryan Reynolds, Jeremy Piven: Let's get Buddy Israel!Smokin Aces
8%
Howie Long, Scott Glenn: Forest FireFirestorm
7%
Chuck Norris, David Carradine: Texas Ranger Before WalkerLone Wolf McQuade
6%
Bill Paxton, Ice T: Gangster TreasureTrespass
6%
Vincent Cassel, Mark Dacascos: French Monster FindersBrotherhood of the Wolf
4%
Jeffrey Falcon, Justin McGuire: Buddy Holly SwordsmanSix String Samurai
2%

Score Distribution

Percentile by Number Answered

Percent of People with Each Score

Your Score History

You have not taken this quiz since the last reset